Statistiken für Größte Städte Baden-Württembergs - Extrem

Klicken Sie hier um das Quiz zu spielen!

Allgemein

  • Dieses Quiz wurde 169 mal gespielt
  • Das Durchschnittsergebnis liegt bei 60 aus 107

Antwortstatistiken

EinwohnerStadt% Korrekt
236.140Freiburg
100%
315.554Mannheim
100%
632.865Stuttgart
100%
162.273Heidelberg
97%
128.928Ulm
97%
308.707Karlsruhe
95%
128.334Heilbronn
94%
85.859Konstanz
94%
117.547Reutlingen
94%
92.811Tübingen
92%
94.157Ludwigsburg
89%
88.213Villingen-Schwenningen⁠
89%
57.025Baden-Baden
87%
62.932Friedrichshafen
87%
127.849Pforzheim
86%
94.941Esslingen
84%
51.460Böblingen
83%
51.310Rastatt
81%
51.482Ravensburg
81%
68.816Aalen
79%
50.025Heidenheim
79%
49.876Lörrach
79%
61.670Offenburg
79%
59.053Göppingen
78%
36.601Sinsheim
78%
41.898Schwäbisch Hall
76%
64.995Sindelfingen
76%
62.325Schwäbisch-Gmünd
75%
49.441Singen
75%
56.081Waiblingen
73%
34.945Balingen
71%
38.154Kehl
70%
41.907Kirchheim
70%
37.458Tuttlingen
70%
49.074Lahr
67%
49.512Leonberg
67%
43.755Bietigheim-Bissingen⁠
65%
46.587Bruchsal
65%
41.403Nürtingen
65%
25.513Rottweil
65%
24.219Calw
63%
24.301Freudenstadt
62%
34.008Biberach
60%
35.760Crailsheim
60%
39.699Ettlingen
59%
45.896Fellbach
59%
46.188Filderstadt⁠
59%
45.275Weinheim
59%
46.422Albstadt⁠
57%
37.957Backnang
57%
26.495Neckarsulm
57%
44.653Rottenburg
57%
40.204Schorndorf
57%
28.856Emmendingen
56%
30.769Weil am Rhein
56%
40.420Leinfelden-Echterdingen⁠
54%
30.073Bretten
52%
29.245Winnenden
52%
27.276Ehingen
49%
28.655Geislingen
49%
24.605Waldshut-Tiengen
49%
29.305Vaihingen
46%
32.649Herrenberg
44%
34.130Kornwestheim
44%
27.049Wiesloch
44%
29.133Bühl
43%
23.484Mosbach
43%
32.043Radolfzell
43%
30.250Gaggenau
41%
25.752Horb am Neckar
41%
22.985Nagold
41%
25.257Weingarten
41%
27.088Weinstadt⁠
41%
26.471Achern
40%
22.226Eppingen
40%
20.037Tettnang
40%
23.098Überlingen
40%
24.564Bad Mergentheim
38%
22.431Donaueschingen
38%
26.394Mühlacker
38%
33.581Rheinfelden
37%
22.062Schwetzingen
37%
25.678Ellwangen
35%
27.142Leimen
35%
20.900Mössingen
35%
20.133Giengen
32%
22.528Metzingen
32%
39.806Ostfildern⁠
32%
26.549Remseck
32%
27.411Wangen
32%
23.196Wertheim
30%
25.145Ditzingen
29%
21.745Hockenheim
29%
21.125Schramberg
29%
23.345Leutkirch
27%
25.388Öhringen
27%
22.127Waldkirch
27%
21.745Eislingen
25%
20.092Oberkirch
25%
21.444Waghäusel
25%
22.356Bad Rappenau
24%
25.204Stutensee⁠
24%
20.630Bad Waldsee
22%
22.863Laupheim
22%
20.163Schopfheim
21%
21.684Bad Krozingen
16%
20.659Rheinstetten⁠
14%

Verteilung der Resultate

Perzentil nach korrekt beantworteten Fragen

Anzahl Personen mit jedem Resultat

Ihre Resultats-Entwicklung

Sie haben dieses Quiz noch nicht gespielt